| 000 | 00546nam a22001697a 4500 | ||
|---|---|---|---|
| 999 |
_c191670 _d191670 |
||
| 005 | 20220831123546.0 | ||
| 010 | _aENG-134828 | ||
| 020 |
_a9788193726150 _c300.00 |
||
| 035 | _aEN-118360 | ||
| 037 | _bDBAD/PUB | ||
| 082 | _a305.4 | ||
| 245 |
_aPress for Progress: _bEquity Initiative Programme Under Rashtriya Uchchattar Shiksha Abhiyan/ |
||
| 260 |
_aMizoram _bLengchhawn Offset _c2019 |
||
| 270 |
_aBethel House, Khatla _bAizawl _e796001 _mlengchhawn@gmail.com |
||
| 300 |
_a66p. _c21cm(pbk) |
||
| 942 |
_2ddc _cEN _h305.4 _mPRE |
||